000 00483nam a22001697a 4500
005 20251108170527.0
008 250721s1999 xx 000 0 ara d
082 1 4 _a796.33/جما
100 1 _aالجماعيني، أحمد
245 1 0 _aبانوراما كرة القدم /
264 _bدائرة المكتبة الوطنية،
_c1999.
300 _a199ص
650 1 7 _aكرة القدم
650 1 7 _aالألعاب الرياضية
942 _2ddc
_cBK
999 _c42690
_d42690